Responsabilidad civil extracontractual: Criterio de imputación para la Sunarp es objetivo por error del registrador (Registro nro. 22603)
[ vista simple ]
| 000 -Cabecera | |
|---|---|
| Campo de control interno | 02193nam a2200229 4500 |
| 001 - Número de control | |
| control field | ESSALUD |
| 005 - Fecha y hora de la última transacción | |
| Campo de control | 20260701154102.0 |
| 007 - Tipo material - Descripcion fisica - info general | |
| Tipo material - Descripcion fisica - info general | ta |
| 008 - Elementos de Longitud Fija - Información General | |
| Elementos de Longitud Fija - Información | t pe ||||| |||| 00| 0 spa d |
| 040 ## - Origen de la Catalogación | |
| Origen de la Catalogación | BMG |
| 041 ## - Idioma | |
| Idioma | spa |
| 100 ## - Autor | |
| Autor | Corte Suprema de Justicia de la República. Sala Civil Transitoria |
| Rol del Autor | Autor |
| 9 (RLIN) | 53076 |
| 245 ## - Titulo | |
| Titulo | Responsabilidad civil extracontractual: Criterio de imputación para la Sunarp es objetivo por error del registrador |
| 300 ## - Páginas | |
| Paginación | páginas 132-149 |
| 520 ## - Resumen | |
| Resumen | En tanto que el caso de autos se encuentra sustentado en responsabilidad civil extracontractual por error registra!, el criterio de imputación para la entidad recurrente es objetivo, porque esta responde por una persona dependiente en ejercicio de sus funciones, de conformidad con el artículo 1981 del Código Civil, esto es, por el error en que haya incurrido el registrador público por acción u omisión de sus funciones A ello debe agregarse que en autos no se ha demostrado que el dependiente de la entidad recurrente haya actuado diligentemente, ya que la carga de la prueba por dolo o culpa corresponde a su autor de conformidad con el artículo 1969 del Código Civil, es decir, se invierte la carga de la prueba a cargo de su autor, en este caso, correspondía a la entidad recurrente controlar que su dependiente actúe diligentemente en el ejercicio de sus funciones (de haberlo probado, consecuentemente la entidad tampoco tendría responsabilidad indirecta), lo cual no fue así tal como lo han desarrollado las instancias de mérito, en tanto que la propia Superintendencia Nacional de Registros Públicos admitió que el registrador, ante la desmembración del inmueble, debió realizar las anotaciones marginales donde corre extendida la independización y extender un asiento de reducción en la partida del inmueble, lo cual no ocurrió. |
| 650 ## - Temas - Descriptores | |
| Temas - Descriptores | INDEMNIZACIÓN POR DAÑOS |
| 9 (RLIN) | 53077 |
| 650 ## - Temas - Descriptores | |
| Temas - Descriptores | REGISTROS PUBLICOS |
| 9 (RLIN) | 4244 |
| 650 ## - Temas - Descriptores | |
| Temas - Descriptores | DAÑO PATRIMONIAL |
| 9 (RLIN) | 53070 |
| 650 ## - Temas - Descriptores | |
| Temas - Descriptores | SUNARP |
| 9 (RLIN) | 53078 |
| 773 0# - Revista (Relacion con el numero) | |
| Host Biblionumber | 22573 |
| Host Itemnumber | 22621 |
| Ciudad, Editorial | Lima Grupo Praxis Formación Profesional, 2026- |
| Codigo barras item/ejemplar | PRA002 |
| Titulo de la Revista | Praxis Civil & Procesal Civil |
| Número de control de registro | ESSALUD |
| ISSN | 3119-7671 |
| 942 ## - Elementos de Koha | |
| Tipo de Documento | Artículos |
| Fecha procesamiento | 2026-07-01 |
| Catalogador | sqb |
No hay ítems disponibles.